| 000 | 00924nam a22001937a 4500 | ||
|---|---|---|---|
| 008 | 110721t xxu||||| |||| 00| 0 ara d | ||
| 020 | _a9776048145 | ||
| 082 |
_222 _bس ل ى _a370.15 |
||
| 100 |
_926396 _aسليمان،عبد الرحمن سيد |
||
| 245 |
_aدراسات عربية فى الموهبة و التفوق / _cاعداد عبد الرحمن سيد سليمان، السيد احمد هاشم |
||
| 260 |
_aالقاهرة: _bمكتبة دار القاهرة،2004. _c2004. |
||
| 300 |
_a316 ص، _c24سم. |
||
| 650 |
_926405 _aعلم النفس التربوى |
||
| 650 |
_922403 _aالأطفال _xعلم نفس |
||
| 650 |
_926406 _aالفروق الفردية فى التعليم |
||
| 700 |
_926398 _aابو هاشم،السيد احمد _cاعداد |
||
| 942 |
_2ddc _cBB |
||
| 999 |
_c15725 _d15725 |
||